la modernización de las FF.AA. latinoamericanas y las nuevas formas de violencia política de la década de los ochenta : el caso de los militares peruanos frente a Sendero Luminoso. /

Describe la forma como el estado peruano ha intentado responder a la insurgencia de Sendero luminoso, cuáles han sido las principales estrategias aplicadas y preconizadas por las FF.AA. peruanas y cuales han sido las principales respuestas subyacentes a estas estrategias.Finalmente se esbozan alguno...

Full description

Bibliographic Details
Main Author: Bustamante, Fernando
Format: Libro
Language:English
Published: Santiago, Chile FLACSO 1989
Series:Documento de trabajo 429
Subjects:

MARC

LEADER 00000cam a2200000 a 4500
001 033331
003 UAHC_CL
005 20170803123624.0
008 010822b xx j 000 1 eng
040 |a UAHC_CL  |c UAHC_CL  |d UAHC_CL 
082 0 4 |a FLACSO 0-219 
100 1 |a Bustamante, Fernando 
245 1 3 |a la modernización de las FF.AA. latinoamericanas y las nuevas formas de violencia política de la década de los ochenta :  |b el caso de los militares peruanos frente a Sendero Luminoso. /  |c Fernando Bustamante. 
260 |b FLACSO  |c 1989  |a Santiago, Chile 
300 |a 46 p. 
490 0 |a Documento de trabajo  |v 429 
520 |a Describe la forma como el estado peruano ha intentado responder a la insurgencia de Sendero luminoso, cuáles han sido las principales estrategias aplicadas y preconizadas por las FF.AA. peruanas y cuales han sido las principales respuestas subyacentes a estas estrategias.Finalmente se esbozan algunos de los problemas más difíciles que la actual situacion peruana plantea al futuro de las relaciones de los militares con una sociedad gravemente desgarrada por el conflicto civil 
650 4 |a FUERZAS ARMADAS  |z PERU 
650 4 |a VIOLENCIA POLITICA  |y 1980 
900 |a FLACSO 0-219 
942 |c BK 
952 |0 0  |1 0  |4 0  |6 FLACSO_0219  |7 0  |8 General  |9 63900  |a BC  |b BC  |c General  |d 2017-08-03  |l 0  |o FLACSO 0-219  |p 1312430  |r 2019-01-04 00:00:00  |t 1  |w 2017-08-03  |y BK 
952 |0 0  |1 0  |4 0  |6 FLACSO_0219  |7 0  |8 General  |9 63901  |a BC  |b BC  |c General  |d 2017-08-03  |l 0  |o FLACSO 0-219  |p 1375540  |r 2019-01-04 00:00:00  |t 2  |w 2017-08-03  |y BK 
999 |c 33331  |d 33331